| 000 | 00462nmm a2200157Ia 4500 | ||
|---|---|---|---|
| 008 | 251105s9999||||xx |||||||||||||||||und|| | ||
| 020 | _a9788497885980 | ||
| 041 | _aspa | ||
| 100 | _aSalas Velasco, Manuel | ||
| 245 | 0 | _aLa elaboración del proyecto docente | |
| 264 |
_a[Madrid, España] : _bUniversitat Oberta de Catalunya, _c2007 |
||
| 300 | _a216 páginas | ||
| 650 | _aEducation | ||
| 856 | _uhttps://public.digitaliapublishing.com/a/1050 | ||
| 942 | _cCF | ||
| 999 |
_c90698 _d90698 |
||